000 00933nam a2200265Ia 4500
003 OSt
005 20221005105810.0
006 a|||||r|||| 00| 0
007 ta
008 221004b |||||||| |||| 00| 0 hin d
020 _a9789380458250 (hbk)
_c300
024 _a122049
037 _b13330, 17/07/2012, Kitab Ghar
_cTextual
040 _aCRL
_cCRL
_bhin
041 _2hin
_ahin
082 _aO152,3N444:g, Q1
100 _aवनजा, के.
_9159534
245 0 _aचित्रा मुद्गल
_b एक मूलयांकन
246 _aChitrā mudgala: ek mūlayāankana
260 _aनई दिल्ली
_bसामयिक बुक्स भारत
_c2011
300 _a191पृ0
_ccm.
650 _aहिन्दी साहित्य
942 _hO152,3N444:g, Q1
_cTEXL
_2cc
999 _c1016934
_d1016934